[Event "Reunion op 10th"]
[Site "St Denis"]
[Date "2008.10.11"]
[Round "1"]
[White "Benke, Martin"]
[Black "Lapierre, Christian"]
[Result "1-0"]
[WhiteElo "1943"]
[BlackElo "1490"]
[PlyCount "55"]
[EventDate "2008.10.11"]
[EventType "swiss"]
[EventRounds "9"]
[EventCountry "RUF"]
[SourceTitle "EXT 2009"]
[Source "ChessBase"]
[SourceDate "2008.11.26"]
[SourceVersion "1"]
[SourceVersionDate "2008.11.26"]
[SourceQuality "1"]

1. d4 Nf6 2. c4 d5 3. Nc3 c6 4. Nf3 g6 5. cxd5 cxd5 6. Bf4 Bg7 7. e3 0-0 8. h3 a6 9. Bd3 Nc6 10. Rc1 e6 11. 0-0 Re8 12. Qe2 Nd7 13. Rfd1 e5 14. dxe5 Ndxe5 15. Nxe5 Nxe5 16. Be4 d4 17. Rxd4 Qe7 18. Nd5 Qh4 19. Bg3 Qg5 20. Nc7 Nc6 21. Rdc4 Rxe4 22. Rxe4 Bf5 23. Nxa8 Bxe4 24. Qd2 h5 25. h4 Qe7 26. Nb6 Qb4 27. Qxb4 Nxb4 28. Rc4 1-0

[Event "Reunion op 09th"]
[Site "Reunion"]
[Date "2007.10.19"]
[Round "6"]
[White "Lapierre, Christian"]
[Black "Dupuy, Sara"]
[Result "1/2-1/2"]
[WhiteElo "1499"]
[BlackElo "1250"]
[PlyCount "58"]
[EventDate "2007.10.14"]
[EventType "swiss"]
[EventRounds "9"]
[EventCountry "RUF"]
[SourceTitle "EXT 2012"]
[Source "ChessBase"]
[SourceDate "2011.11.24"]
[SourceVersion "1"]
[SourceVersionDate "2011.11.24"]
[SourceQuality "1"]

1. e4 e5 2. Nf3 Nc6 3. d4 exd4 4. Nxd4 Nxd4 5. Qxd4 d6 6. Bc4 Nf6 7. 0-0 Be7 8. Nc3 0-0 9. f4 c5 10. Qe3 Ng4 11. Qe2 Bf6 12. Nd5 Bd4+ 13. Kh1 Nxh2 14. g3 Nxf1 15. Qxf1 Be6 16. c3 Bxd5 17. Bxd5 Bf6 18. Qh3 Qe7 19. Bd2 h6 20. Kg2 Rad8 21. Rh1 Qd7 22. g4 Qb5 23. Bc1 Qe2+ 24. Kg1 Qd1+ 25. Kh2 Qe2+ 26. Qg2 Qxg2+ 27. Kxg2 b6 28. c4 a6 29. a4 a5 1/2-1/2